Estadísticas para Personajes de dibujos animados #4

Haz click aquí para intentar la prueba.

Estadísticas generales

  • Esta prueba ha sido intentada 109 veces
  • La puntuación promedio es 14 de 24

Estadísticas de respuestas

Respuesta% Correcto
Peppa Pig
99%
Calamardo
98%
Minnie
95%
Goofy
85%
Cactus
81%
Lola Bunny
79%
Shaggy
79%
Silvestre
76%
Princesa Chicle
65%
Chum Chum
63%
Gerónimo Stilton
62%
Kowalski
62%
Rey Julien
58%
David
56%
Swiper
52%
Sin-Chan
51%
Draculaura
43%
Lois
40%
Eric
39%
Anais
37%
Stella
36%
Mort
33%
Ulrich
23%
Zuko
17%

Distribución de puntuación

Porcentaje por número respondido

Porcentaje de gente con cada puntuación

Historial de tus puntuaciones

No has intentado esta prueba.